| 000 | 00713nam a22002657a 4500 | ||
|---|---|---|---|
| 001 | 00260 | ||
| 003 | DO-SdBNP | ||
| 005 | 20171212151509.0 | ||
| 008 | 151130b 1999 sp xxu||||| |||| 00| 0 spa d | ||
| 020 | _a8475670431 | ||
| 040 |
_aBPMSU _bspa _cBPMSU |
||
| 041 | 1 | 7 |
_aspa _hfre |
| 092 |
_axxxxx _bxxxxx |
||
| 100 | 1 |
_aMolière, _d1622-1673. |
|
| 240 |
_aL'avare. _lEspañol |
||
| 245 | 1 | 0 |
_aEl avaro / _cJean Baptiste Poquelin Molière. |
| 250 | _a2ª reimp. | ||
| 260 |
_aAlcobendas, Madrid : _bAlba, _c1999. |
||
| 300 |
_a112 p. ; _c18 cm. |
||
| 504 | _aBibliografía : p. 27 | ||
| 910 | _a00260 | ||
| 942 |
_2ddc _cBK |
||
| 945 | _aInventariado extranjero 2017 / YL | ||
| 956 |
_aLorenza Pérez _b10 |
||
| 999 |
_c8973 _d8973 |
||